Dalskabáty, hříšná ves aneb Zapomenutý čert /
V roce 1962 vydal Supraphon dramatizovanou pohádku Jana Drdy o Zapomenutém čertu pod kat. číslem DM 15146. Čerta Trepifajskla, na kterého peklo zapomnělo, hrál Stanislav Neumann a Plajznerku, kvůli které nakonec Trepifajskl zapomene na peklo, nechá si useknout ocas, sám si ulomí rohy, hrála Jiřina Š...
Uloženo v:
| Hlavní autor: | |
|---|---|
| Další autoři: | , , , , , , , , , |
| Médium: | E-audiokniha |
| Vydáno: |
Praha :
Supraphon a.s.,
2015
|
| Tagy: |
Žádné tagy |
| LEADER | 02159nim a22003977i 4500 | ||
|---|---|---|---|
| 001 | 313350 | ||
| 007 | sr nunnnnnnned | ||
| 024 | |a 099925947927 | ||
| 044 | |a xr | ||
| 100 | 1 | |a Drda, Jan |4 aut | |
| 245 | 1 | 0 | |a Dalskabáty, hříšná ves aneb Zapomenutý čert / |c Drda, Jan |
| 264 | 1 | |a Praha : |b Supraphon a.s., |c 2015 | |
| 300 | |a 1 online zdroj (1 hod., 1 min., 34 sek.) | ||
| 336 | |a mluvené slovo |b spw |2 rdacontent | ||
| 337 | |a audio |b s |2 rdamedia | ||
| 338 | |a online zdroj |b cr |2 rdacarrier | ||
| 505 | 0 | 0 | |t 1. část (14 min., 6 sek.) |
| 505 | 0 | 0 | |t 2. část (14 min., 47 sek.) |
| 505 | 0 | 0 | |t 3. obraz (15 min., 34 sek.) |
| 505 | 0 | 0 | |t 5. obraz (7 min., 44 sek.) |
| 505 | 0 | 0 | |t 7. obraz (9 min., 20 sek.) |
| 520 | 2 | |a V roce 1962 vydal Supraphon dramatizovanou pohádku Jana Drdy o Zapomenutém čertu pod kat. číslem DM 15146. Čerta Trepifajskla, na kterého peklo zapomnělo, hrál Stanislav Neumann a Plajznerku, kvůli které nakonec Trepifajskl zapomene na peklo, nechá si useknout ocas, sám si ulomí rohy, hrála Jiřina Šejbalová. K tomuto zdigitalizovanému titulu jsme přidali pro možnost porovnání a pro zajímavost další supraphonský titul z šedesátých let (pův.kat.číslo DM 15135), na kterém byl tehdy vydán výběr (3., 5. a 7. scéna) z jiné dramatizace této půvabné Drdovy pohádky. V této verzi hráli Trepifajskla a Plajznerku Jaroslav Moučka a Vlasta Chramostová. | |
| 700 | 1 | |a Musil, Oldřich |4 nrt | |
| 700 | 1 | |a Moučka, Jaroslav |4 nrt | |
| 700 | 1 | |a Jedlička, Antonín |4 nrt | |
| 700 | 1 | |a Šejbalová, Jiřina |4 nrt | |
| 700 | 1 | |a Effa, Karel |4 nrt | |
| 700 | 1 | |a Nový, Oldřich |4 nrt | |
| 700 | 1 | |a Neumann, Stanislav |4 nrt | |
| 700 | 1 | |a Chramostová, Vlasta |4 nrt | |
| 700 | 1 | |a Vejražka, Vítězslav |4 nrt | |
| 700 | 1 | |a Voska, Václav |4 nrt | |
| 910 | |a RBIT002 | ||
| 998 | |d 403819 |a https://core.palmknihy.cz/api/books/403819/cover?scgr44 |b https://core.palmknihy.cz/api/books/403819/cover/400?scgr44 |c https://core.palmknihy.cz/api/books/403819/cover/50?scgr44 |e 2099-01-01 |i 099925947927 |l 3694 |q 49 |r 1 |s https://www.palmknihy.cz/kniha/403819 |t audiobook |y 2015 |z 1 | ||
| 999 | |d 313348 | ||